Geography Quiz

Random Geography or State Quiz

Republics of Russia In English Quiz Stats

 Plays Quiz not verified by Sporcle

Challenge
Share
Tweet
Score 0/22 Timer 04:00
0 Plays Today
Index Answer % Correct
5Republic of Chechnya
83.8%
19Republic of Sakha
83.8%
8Republic of Dagestan
78.4%
13Republic of Karelia
78.4%
20Republic of Tatarstan
75.7%
21Republic of Tuva
75.7%
2Republic of Altai
70.3%
3Republic of Bashkortostan
70.3%
7Republic of Crimea
67.6%
9Republic of Ingushetia
67.6%
4Republic of Buryatia
62.2%
Index Answer % Correct
11Republic of Kalmykia
59.5%
1Republic of Adygea
56.8%
16Republic of Mari El
54.1%
6Republic of Chuvashia
51.4%
15Republic of Komi
51.4%
17Republic of Mordovia
51.4%
18Republic of North Ossetia Alania
51.4%
22Republic of Udmurtia
43.2%
10Republic of Kabardino Balkaria
40.5%
14Republic of Khakassia
37.8%
12Republic of Karachay Cherkessia
32.4%

You're not logged in!

Compare scores with friends on all Sporcle quizzes.
Join for Free
OR
Log In

You Might Also Like...

Show Comments

Extras

Top Quizzes Today


Score Distribution

Your Account Isn't Verified!

In order to create a playlist on Sporcle, you need to verify the email address you used during registration. Go to your Sporcle Settings to finish the process.

Report this User

Report this user for behavior that violates our Community Guidelines.

Details: